Investment in Ghana.
| Format: | Book |
|---|---|
| Published: |
Accra:
KPMG,
1996.
|
| Subjects: |
| LEADER | 00398cam a2200157 7i4500 | ||
|---|---|---|---|
| 001 | 0000006287 | ||
| 005 | 19991025090000.0 | ||
| 002 | ##000007963 | ||
| 020 | 0 | 0 | |a T000006119 |
| 090 | 0 | 0 | |a GHAN 332.6 |b INV |
| 245 | 0 | 0 | |a Investment in Ghana. |
| 260 | 0 | 0 | |a Accra: |b KPMG, |c 1996. |
| 300 | 0 | 0 | |a 56p.. |
| 650 | 0 | 0 | |a Investments -- |z Ghana |
| 651 | 0 | 0 | |a Ghana |
| 999 | |a 0000009284 |b Book |c Open shelf |e Business Information Centre | ||